Welcome to WEB OPAC of MRSPTU Central Library

Circles (Record no. 9960)

MARC details
000 -LEADER
fixed length control field 00342nam a22001457a 4500
003 - CONTROL NUMBER IDENTIFIER
control field OSt
005 - DATE AND TIME OF LATEST TRANSACTION
control field 20240403111845.0
008 - FIXED-LENGTH DATA ELEMENTS--GENERAL INFORMATION
fixed length control field 240403b |||||||| |||| 00| 0 eng d
040 ## - CATALOGING SOURCE
Transcribing agency Central Library MRSPTU
100 ## - MAIN ENTRY--PERSONAL NAME
Personal name Amneet Rattan
245 ## - TITLE STATEMENT
Title Circles
260 ## - PUBLICATION, DISTRIBUTION, ETC.
Place of publication, distribution, etc. Ludhiana
Name of publisher, distributor, etc. Parteek Publication
Date of publication, distribution, etc. 1997
300 ## - PHYSICAL DESCRIPTION
Extent 80
942 ## - ADDED ENTRY ELEMENTS (KOHA)
Source of classification or shelving scheme Dewey Decimal Classification
Koha item type Book
Suppress in OPAC No
Holdings
Withdrawn status Lost status Source of classification or shelving scheme Damaged status Not for loan Collection Home library Current library Date acquired Total checkouts Barcode Date last seen Price effective from Koha item type Date last checked out
    Dewey Decimal Classification     BK MRSPTU Central Library MRSPTU Central Library 04/03/2024   G-126 04/03/2024 04/03/2024 Book  
    Dewey Decimal Classification     BK MRSPTU Central Library MRSPTU Central Library 04/03/2024 1 G-127 02/10/2026 04/03/2024 Book 02/09/2026

Website Designed and Developed by MRSPTU Central Library Team

E-mail Id: librarian@mrsptu.ac.in